000 00535nam a2200229Ia 4500
003 OSt
005 20220527091856.0
008 210210b2016 xxu||||| |||| 00| 0 eng d
020 _a9788121916394
040 _cAL
041 _aeng
082 _a596 JORC
100 _aJORDAN (E L)
_939201
245 _aChordate zoology
250 _a14 Rev.
260 _aNew Delhi
_bS. Chand & Co. Ltd.
_c2016
300 _axviii,1078
690 _a zoology
_939202
700 _aVERMA (P S)
_939203
906 _a072799
942 _2ddc
_cBK
999 _c122612
_d122612